Star Wars Crawl (Episode V) Quiz Stats

 Plays Quiz Updated Nov 21, 2016

Challenge
Share
Tweet
Embed
Score 0/81 Timer 06:00
3 Plays Today
% Correct
a
96.6%
a
96.6%
a
96.6%
the
93.7%
the
93.7%
the
93.7%
the
93.7%
the
93.7%
the
93.7%
The
93.7%
the
93.7%
Rebel
86%
Luke
85.2%
Vader,
83.6%
Darth
82.5%
for
81.4%
Skywalker
79.7%
Skywalker,
79.7%
is
79.3%
Star
78%
time
77.6%
Death
75.6%
It
75.3%
of
75.3%
of
75.3%
of
75.3%
of
75.3%
% Correct
Hoth.
72.9%
galaxy.
68%
on
65.7%
dark
62.9%
base
62.2%
base
62.2%
ice
61.8%
has
60.8%
has
60.8%
has
60.8%
and
58.2%
Rebellion.
57.3%
destroyed,
56.5%
been
55.3%
lord
55.1%
evil
54.3%
world
51.1%
forces
50.9%
have
46.1%
with
45.2%
young
42.8%
Imperial
42.8%
Imperial
42.8%
far
40.9%
space...
40.6%
hidden
39.5%
secret
37.6%
% Correct
from
37.2%
new
36.6%
their
36.2%
remote
34.8%
remote
34.8%
by
34.4%
Although
33.2%
across
32.1%
reaches
31.2%
troops
30.9%
probes
30.5%
finding
30.2%
them
29.1%
obsessed
29.2%
led
29.1%
into
27.1%
fighters
26.5%
thousands
25.5%
established
25.1%
pursued
24.9%
freedom
24.4%
group
24.1%
dispatched
23.6%
driven
21.9%
Starfleet,
14.3%
dreaded
13.5%
Evading
13.2%

You're not logged in!

Compare scores with friends on all Sporcle quizzes.
Join for Free
OR
Log In

You Might Also Like...

Show Comments

Extras

Top Quizzes Today


Score Distribution

Your Account Isn't Verified!

In order to create a playlist on Sporcle, you need to verify the email address you used during registration. Go to your Sporcle Settings to finish the process.

Report this User

Report this user for behavior that violates our Community Guidelines.

Details: